| 000 | 01028nam0a22002891 4500 | ||
|---|---|---|---|
| 001 | v19\rc\1575747 | ||
| 005 | 20260406174624.0 | ||
| 035 | _a(NLR Aleph) 004835696 | ||
| 090 |
_a4768915 _c4768915 |
||
| 100 | _a20061002d1893 |||y0rusy50 ca | ||
| 101 | 0 |
_arus _apol |
|
| 102 | _aRU | ||
| 105 | _ay b ||||| | ||
| 200 | 1 | _aКаталог новейших книг, рекомендуемых книжным магазином Осипа Завадзского в Вильне | |
| 210 |
_aВильна _dценз. 1893 |
||
| 215 |
_a12 с. _d22 |
||
| 300 | _aТекст на рус. и пол. яз. | ||
| 309 | _aБез тит. л. и обл. | ||
| 702 | 1 |
_aЗавадзкий _bИ. _gИосиф _4570 |
|
| 710 | 0 | 2 |
_a"Завадзкий, И.", фирма _cВильна-Ковна _9380395 _3RU\NLR\AUTH\889942701 |
| 790 | 1 |
_aЗавадзский _bИ. _gИосиф |
|
| 801 | 0 |
_aRU _bNLR _gpsbo |
|
| 801 | 0 |
_aRU _bRuMoRGB _2psbo |
|
| 801 | 1 |
_aRU _bProSoft-M _2rusmarc |
|
| 852 |
_aNLR _j18.198.1.430(2) |
||
| 942 | _cBOOK | ||
| 980 | _aNB | ||